000 00671nam a2200205 i 4500
001 41540
003 ES-MaACL
005 20251004063101.0
007 t|
008 030311s1975 sp ||||1| gao d
100 1 _aCarballo Calero, Ricardo,
_d1910-1990
_935008
245 1 0 _aHistoria da literatura galega contemporanea /
_cRicardo Carballo Calero.
250 _a2ª ed.
260 _aVigo :
_bGalaxia,
_c[1975]
300 _a894 p. ;
_c25 cm.
650 4 _aLiteratura gallega-
_yS.XIX-
_xHistoria y crítica.
_9158617
650 4 _aLiteratura gallega-
_yS.XX-
_xHistoria y crítica.
_9163218
852 _aES-MaACL
_jE-7964
_bR.92444
999 _c41540
_d41540